Supernatural Season 1 Episodes Quiz Stats

 Plays Quiz not verified by Sporcle

Challenge
Share
Tweet
Embed
Score 0/22 Timer 07:00
0 Plays Today
# Episode % Correct
1Pilot
98.5%
2Wendigo
97%
3Dead in the Water
94.7%
4Phantom Traveler
89%
5Bloody Mary
87.5%
6Skin
82.9%
8Bugs
81.4%
9Home
80.6%
7Hook Man
80.2%
22Devil's Trap
79.5%
11Scarecrow
78.3%
# Episode % Correct
10Asylum
77.6%
21Salvation
76.4%
20Dead Man's Blood
76%
12Faith
74.9%
13Route 666
73.4%
17Hell House
72.2%
19Provenance
71.5%
18Something Wicked
70%
14Nightmare
69.2%
15The Benders
67.7%
16Shadow
67.7%

You're not logged in!

Compare scores with friends on all Sporcle quizzes.
Join for Free
OR
Log In

You Might Also Like...

Show Comments

Extras

Top Quizzes Today


Score Distribution

Your Account Isn't Verified!

In order to create a playlist on Sporcle, you need to verify the email address you used during registration. Go to your Sporcle Settings to finish the process.

Report this User

Report this user for behavior that violates our Community Guidelines.

Details: